[Event "Peterhof op"]
[Site "Peterhof"]
[Date "2010.01.10"]
[Round "9"]
[White "Kazakevich, Grigoriy"]
[Black "Donskih, Artyom"]
[Result "1-0"]
[WhiteElo "2169"]
[BlackElo "2022"]
[PlyCount "103"]
[EventDate "2010.01.03"]
[EventType "swiss"]
[EventRounds "9"]
[EventCountry "RUS"]
[SourceTitle "CBM 134 Extra"]
[Source "ChessBase"]
[SourceDate "2010.03.03"]
[SourceVersion "1"]
[SourceVersionDate "2010.03.03"]
[SourceQuality "1"]

1. e4 c5 2. Nf3 d6 3. d4 cxd4 4. Nxd4 Nf6 5. Nc3 a6 6. Be2 e5 7. Nb3 Be7 8. 0-0 0-0 9. Be3 Qc7 10. Qd2 Be6 11. f3 Rd8 12. Nd5 Bxd5 13. exd5 Nbd7 14. c4 Nc5 15. Na5 Re8 16. b4 Ncd7 17. Rfd1 Bf8 18. Rac1 Rac8 19. c5 dxc5 20. d6 Qb8 21. bxc5 b6 22. c6 bxa5 23. cxd7 Nxd7 24. Rb1 Qa8 25. Qxa5 Rc6 26. Rbc1 Rec8 27. Rxc6 Rxc6 28. Bb5 Rxd6 29. Rxd6 Bxd6 30. Bxd7 Qb7 31. Bf5 Qc6 32. Bd3 g6 33. Bxa6 Kg7 34. Bd3 Bc7 35. Qc5 Qd7 36. Qc2 Qd6 37. Bc5 Qd8 38. a4 Ba5 39. Bb5 Qc7 40. Qc4 Qd8 41. Qd3 Qh4 42. Bf2 Qf4 43. Qe3 Qf5 44. Qe4 Qg5 45. g3 Bc3 46. f4 Qg4 47. Qd3 Ba1 48. Kg2 Qe6 49. Bc4 Qc6+ 50. Qd5 Qxa4 51. Qxf7+ Kh6 52. Qf8+ 1-0

[Event "Peterhof op"]
[Site "Peterhof"]
[Date "2010.01.08"]
[Round "7"]
[White "Fedoseeva, Valentina"]
[Black "Donskih, Artyom"]
[Result "0-1"]
[WhiteElo "1815"]
[BlackElo "2022"]
[PlyCount "74"]
[EventDate "2010.01.03"]
[EventType "swiss"]
[EventRounds "9"]
[EventCountry "RUS"]
[SourceTitle "CBM 134 Extra"]
[Source "ChessBase"]
[SourceDate "2010.03.03"]
[SourceVersion "1"]
[SourceVersionDate "2010.03.03"]
[SourceQuality "1"]

1. e4 c5 2. Nf3 d6 3. Bb5+ Bd7 4. Bxd7+ Qxd7 5. c3 Nf6 6. Qe2 Nc6 7. d4 e6 8. 0-0 Be7 9. Bf4 0-0 10. Rd1 cxd4 11. cxd4 Rfd8 12. Nc3 a6 13. e5 Nd5 14. Nxd5 exd5 15. Rd2 Re8 16. Qd3 h6 17. Re1 dxe5 18. Nxe5 Nxe5 19. Rxe5 Bd6 20. Rxe8+ Rxe8 21. Be3 Re4 22. f3 Re8 23. Re2 Qc7 24. h3 Rc8 25. Re1 Qa5 26. Ra1 Qb6 27. Qf5 Re8 28. Re1 Qb4 29. Re2 Qc4 30. Rc2 Qb4 31. Kf2 Qb5 32. b3 g6 33. Qf6 Qd3 34. Re2 Be7 35. Qf4 Bg5 36. Qe5 Rxe5 37. dxe5 Bh4+ 0-1

[Event "Peterhof op"]
[Site "Peterhof"]
[Date "2010.01.03"]
[Round "1"]
[White "Malyshev, Alexey"]
[Black "Donskih, Artyom"]
[Result "0-1"]
[WhiteElo "2120"]
[BlackElo "2022"]
[PlyCount "80"]
[EventDate "2010.01.03"]
[EventType "swiss"]
[EventRounds "9"]
[EventCountry "RUS"]
[SourceTitle "CBM 134 Extra"]
[Source "ChessBase"]
[SourceDate "2010.03.03"]
[SourceVersion "1"]
[SourceVersionDate "2010.03.03"]
[SourceQuality "1"]

1. d4 e6 2. Nf3 Nf6 3. Bg5 d5 4. e3 Be7 5. Bd3 c5 6. c3 0-0 7. Ne5 Nbd7 8. f4 h6 9. Bh4 Ne4 10. Bxe7 Qxe7 11. Bxe4 dxe4 12. 0-0 b6 13. Nd2 Bb7 14. Qg4 Rac8 15. Rac1 Nf6 16. Qh4 Qc7 17. Qg3 Nd7 18. a3 f5 19. Ng6 Rf7 20. Qh4 Kh7 21. Ne5 Nxe5 22. fxe5 cxd4 23. exd4 g5 24. Qh5 Rcf8 25. Rce1 g4 26. Nb3 Rg8 27. g3 Rg5 28. Qh4 e3 29. Rxe3 Qc6 30. Kf2 Qg2+ 31. Ke1 Qxb2 32. Nc1 Qxc1+ 33. Kf2 Qd2+ 34. Re2 Qxc3 35. Re3 Qd2+ 36. Re2 Qxd4+ 37. Re3 f4 38. gxf4 Rxf4+ 39. Ke2 Ba6+ 40. Ke1 Rxf1# 0-1

[Event "Petrovskaya Ladya op"]
[Site "Peterhof"]
[Date "2008.01.04"]
[Round "2"]
[White "Donskih, Artyom"]
[Black "Bazeev, German"]
[Result "1/2-1/2"]
[WhiteElo "2021"]
[BlackElo "2163"]
[PlyCount "66"]
[EventDate "2008.01.03"]
[EventType "swiss"]
[EventRounds "9"]
[EventCountry "RUS"]
[SourceTitle "CBM 122 Extra"]
[Source "ChessBase"]
[SourceDate "2008.03.04"]
[SourceVersion "1"]
[SourceVersionDate "2008.03.04"]
[SourceQuality "1"]

1. e4 c5 2. Nf3 Nc6 3. d4 cxd4 4. Nxd4 Nf6 5. Nc3 d6 6. Be2 e5 7. Nb3 Be7 8. 0-0 0-0 9. f4 a5 10. Be3 a4 11. Nd2 exf4 12. Rxf4 Be6 13. Bc4 Ne5 14. Nd5 Nxd5 15. exd5 Bd7 16. Rf1 b5 17. Be2 Qc7 18. Kh1 Rac8 19. Rc1 Qb7 20. Bf3 f5 21. Bd4 Bg5 22. Rb1 Bh6 23. c3 Nxf3 24. Nxf3 Qxd5 25. a3 Bc6 26. Qc2 Rce8 27. Rbe1 Re4 28. Rd1 Qf7 29. Bg1 Bd5 30. Nd4 Qh5 31. Nxf5 Rxf5 32. Rxd5 Rxf1 33. Qxe4 Be3 1/2-1/2

[Event "Chigorin Memorial-B 14th"]
[Site "St Petersburg"]
[Date "2006.10.28"]
[Round "7"]
[White "Donskih, Artyom"]
[Black "Bratus, Petr P"]
[Result "0-1"]
[WhiteElo "2091"]
[BlackElo "2237"]
[PlyCount "70"]
[EventDate "2006.10.23"]
[EventType "swiss"]
[EventRounds "9"]
[EventCountry "RUS"]
[SourceTitle "EXT 2007"]
[Source "ChessBase"]
[SourceDate "2006.11.23"]
[SourceVersion "1"]
[SourceVersionDate "2006.11.23"]
[SourceQuality "1"]

1. e4 c5 2. Nf3 d6 3. d4 cxd4 4. Nxd4 Nf6 5. Nc3 a6 6. Be2 e5 7. Nb3 Be6 8. 0-0 Nbd7 9. f4 Qc7 10. f5 Bc4 11. Be3 Be7 12. Bxc4 Qxc4 13. Qf3 b5 14. a3 Qc6 15. Rac1 Nb6 16. Bxb6 Qxb6+ 17. Kh1 Rc8 18. Rfd1 a5 19. Nd5 Nxd5 20. Rxd5 a4 21. Nd2 b4 22. b3 bxa3 23. Nc4 Qb8 24. Rcd1 0-0 25. Nxa3 axb3 26. cxb3 Qb4 27. Nc4 Rc5 28. h3 h6 29. Qd3 Rb8 30. Nd2 Rc3 31. Qa6 Rc2 32. Qa7 Bf8 33. Rd3 Rbc8 34. Nc4 Re2 35. Qd7 Re1+ 0-1

[Event "Chigorin Memorial-B 14th"]
[Site "St Petersburg"]
[Date "2006.10.24"]
[Round "2"]
[White "Donskih, Artyom"]
[Black "Sariyev, Riad"]
[Result "0-1"]
[WhiteElo "2091"]
[BlackElo "1927"]
[PlyCount "48"]
[EventDate "2006.10.23"]
[EventType "swiss"]
[EventRounds "9"]
[EventCountry "RUS"]
[SourceTitle "EXT 2007"]
[Source "ChessBase"]
[SourceDate "2006.11.23"]
[SourceVersion "1"]
[SourceVersionDate "2006.11.23"]
[SourceQuality "1"]

1. e4 c5 2. Nf3 d6 3. d4 cxd4 4. Nxd4 Nf6 5. Nc3 a6 6. Be2 e6 7. 0-0 Be7 8. Kh1 Qc7 9. f4 0-0 10. Qe1 Nc6 11. Nxc6 bxc6 12. Qg3 Kh8 13. e5 Nd5 14. Ne4 dxe5 15. fxe5 c5 16. Bg5 Rb8 17. b3 Bxg5 18. Nxg5 h6 19. Nxf7+ Rxf7 20. Qg6 Nf4 21. Rxf4 Rxf4 22. Bd3 Rf5 23. Rf1 Rxf1+ 24. Bxf1 Qd8 0-1

[Event "Chigorin Memorial-B 14th"]
[Site "St Petersburg"]
[Date "2006.10.23"]
[Round "1"]
[White "Belousov, Danila"]
[Black "Donskih, Artyom"]
[Result "1-0"]
[WhiteElo "2268"]
[BlackElo "2091"]
[PlyCount "70"]
[EventDate "2006.10.23"]
[EventType "swiss"]
[EventRounds "9"]
[EventCountry "RUS"]
[SourceTitle "EXT 2007"]
[Source "ChessBase"]
[SourceDate "2006.11.23"]
[SourceVersion "1"]
[SourceVersionDate "2006.11.23"]
[SourceQuality "1"]

1. Nf3 d5 2. d4 c6 3. c4 Nf6 4. e3 Bf5 5. Nc3 e6 6. Nh4 Bg6 7. Nxg6 hxg6 8. a3 Nbd7 9. g3 dxc4 10. Bxc4 Nb6 11. Be2 Be7 12. e4 0-0 13. 0-0 Qd7 14. Be3 Rfd8 15. Qc2 Rac8 16. Rfd1 Na8 17. Rac1 b5 18. f4 Nb6 19. Bf2 Qb7 20. e5 Nfd5 21. Ne4 a5 22. h4 a4 23. Bf3 Nc4 24. Qe2 Qa7 25. Kg2 Na5 26. Rh1 Nb3 27. Rcd1 b4 28. axb4 Nxb4 29. d5 c5 30. d6 Bf8 31. Qc4 Nd5 32. h5 gxh5 33. Rxh5 g6 34. Rxd5 gxh5 35. Nf6+ Kh8 1-0